Countries of the 1987 Rugby World Cup - Statistics

General Stats
  • This quiz has been taken 39 times
  • The average score is 15 of 16
Answer Stats
Answer % Correct
Australia
100%
France
100%
Italy
100%
Japan
100%
New Zealand
100%
Argentina
97%
Canada
97%
England
97%
Fiji
97%
Ireland
97%
Scotland
97%
USA
97%
Wales
97%
Tonga
94%
Romania
85%
Zimbabwe
76%
No matching quizzes found
Score Distribution
Percent of People with Each Score
Percentile by Number Answered
Your Score History
You have not taken this quiz